000 00262nam a2200097 4500
245 _aAurtralia's music :themes of a new society
_cRoger Covell
100 _aCovell, Roger
260 _aMelbourne
_b[s.n.]
_c1976
300 _axii,356p.; 20cm.
082 _aR780.994
_bCOU
999 _c33154
_d33154